000 00430nam a2200157Ia 4500
008 230711s9999||||xx |||||||||||||| ||und||
041 _aENG
082 _a624
_bBU-I
100 _aBureau of Indian Standard
245 0 _aIS : 2705 Pt VII
_bSpecification for current transformers Pt III
250 _a1st
260 _c1981
_aNew Delhi
_bBureau of Indian Standard
300 _a16
650 _aElectrical Engineering
942 _cBK
999 _c1525
_d1525